| 000 | 00607nam a2200181 a 4500 | ||
|---|---|---|---|
| 005 | 20220330083724.0 | ||
| 008 | 991125s1924 mx 000 0 spa u | ||
| 035 | _aUPN01000016635 | ||
| 049 | _aCE | ||
| 050 | 4 |
_aF1225 G3 _bG3.3 |
|
| 100 | 1 |
_aGalindo y Villa, Jesús, _d1867-1937 _928502 |
|
| 245 | 1 | 0 |
_aDon Joaquín García Icazbalceta : _bsu vida y sus obras / _cpor Jesús Galindo y Villa. |
| 260 |
_a[México : _bs.n.], _c1924. |
||
| 300 | _ap. 513-583 | ||
| 500 | _a"Societé Scientifique "Antonio Alzate" Mémoires, t.43" | ||
| 600 | 1 | 4 |
_aGARCIA ICAZBALCETA, JOAQUIN, _d1825-1894 _933211 |
| 905 | _aLibro | ||
| 999 |
_c16635 _d16635 |
||